Statistics for Canadian Cities in My BUCKET LIST

Click here to take the quiz!

General Stats

  • This quiz has been taken 5 times
  • The average score is 6 of 11

Answer Stats

No.Canadian Cities in my BUCKET LIST% Correct
#1.Toronto
100%
#4.Montreal
80%
#2.Vancouver
80%
#3.Calgary
60%
#5.Ottawa
60%
#6.Quebec City
60%
#7.Saint John’s
40%
#8.Whitehorse
40%
#10.Winnipeg
40%
#9.Yellowknife
40%
#11.Iqualuit
0%

Score Distribution

Percentile by Number Answered

Percent of People with Each Score

Your Score History

You have not taken this quiz